000 00763nam a22002537a 4500
005 20170123162303.0
010 _aB-080250
020 _c40.00
_a8185172919
035 _aB-080250
037 _bCen Lib/Ret
040 _aDPL
_bUR
082 _aن
_bا س ل
100 _aاسلام راہی
_9108215
245 _aیاسرب کا ابلیس /
_cاسلام راہی
246 _aYasrab ka iblees /
_bby Aslam Rahi
260 _aدہلی
_bعاقف بک ڈپو
_c2000
270 _bدہلی
_a٤٣٧، متیا محل
_e110002
300 _a240p.
_c19cm(Hb)
650 _aاردو ادب
_9108216
650 _aاردو ناول
_9547
650 _aUrdu litarature
_9108217
650 _aUrdu novel
_9108218
942 _2ddc
_cUR
_hن
_mا س ل
999 _c106149
_d106149